banner-ar

A FIELD GUIDE TO REPTILES AND AMPHIBIANS: EASTERN AND CENTRAL NORTH AMERICA / (Record no. 14129)

MARC details
000 -الفاتح
حقل البيانات ثابتة الطول 00619nam a2200205Ia 4500
008 - عناصر البيانات ثابتة الطول - معلومات عامة
حقل البيانات ثابتة الطول 140319s9999 xx 000 0 eng d
040 ## - مصدر الفهرسة
وكالة الفهرسة الأصلية GCL /
وكالة النسخ GCL
082 04 - رقم تصنيف ديوى العشرى
رقم التصنيف 597.6097
رقم المادة C F
100 1# - المدخل الرئيسى - إسم شخصى
الإسم الشخصى CONANT, ROGER
245 10 - بيان العنوان
العنوان A FIELD GUIDE TO REPTILES AND AMPHIBIANS: EASTERN AND CENTRAL NORTH AMERICA /
بيان المسئوليه,etc CONANT, ROGER
700 1# - المدخل الاضافى - اسم شخصى
الإسم الشخصى COLLINS, JOSEPH T
260 ## - PUBLICATION, DISTRIBUTION, ETC. (IMPRINT)
تاريخ النشر أو التوزيع 1991
300 ## - الوصف المادى
التعداد 450 P
650 04 - المدخل الاضافى بالموضوع-مصطلح موضوعى
مصطلح موضوعي REPTILES - IDENTIFICATION
650 04 - المدخل الاضافى بالموضوع-مصطلح موضوعى
مصطلح موضوعي AMPHIBIANS - IDENTIFICATION
650 04 - المدخل الاضافى بالموضوع-مصطلح موضوعى
مصطلح موضوعي REPTILES - CANADA
650 04 - المدخل الاضافى بالموضوع-مصطلح موضوعى
مصطلح موضوعي AMPHIBIANS - CANADA
942 ## - عناصر المدخل الإضافي( كوها)
مصدر التصنيف او مخطط الترفيف Dewey Decimal Classification
Koha [default] item type كتاب
260 ## - PUBLICATION, DISTRIBUTION, ETC. (IMPRINT)
-- [S.N] :
-- HOUGHTON MIFFLIN COMPANY ،
Holdings
حالة التراجع حالة الفقد حالة تلف ليس للاعارة المكان المؤقت الموقع الحالى تاريخ الاكتساب اجمالي اﻻعارات رقم الطلب الباركود تاريخ اخر مشاهدة تاريخ تفعيل السعر نوع وعاء كوها
        مكتبة القاهرة الكبرى مكتبة القاهرة الكبرى 03/26/2014   597.6097\C F 26607 03/26/2014 03/26/2014 كتاب

Powered By

EGPV